[Event "London Classic Open 2014"]
[Site "London ENG"]
[Date "2014.12.10"]
[Round "3.87"]
[White "Shah, Dipak K"]
[Black "Wong, Shyun Fwu Aldrin"]
[Result "1/2-1/2"]
[WhiteElo "1873"]
[BlackElo "1652"]
[WhiteFideId "425842"]
[BlackFideId "5806500"]
[EventDate "2014.12.08"]

1. e4 e5 2. Nf3 Nc6 3. Bc4 Bc5 4. d3 d6 5. h3 a6 6. Be3 Bxe3 7. fxe3 Nf6 8. Nc3
Na5 9. Bb3 Nxb3 10. axb3 O-O 11. O-O h6 12. b4 Bd7 13. Nd5 Nxd5 14. exd5 f5 15.
d4 e4 16. Nd2 Qg5 17. Rf4 Rae8 18. Qe2 Qf6 19. Raf1 Qe7 20. c4 g5 21. R4f2 Rf6
22. Re1 f4 23. Qf1 Qf7 24. Kh2 Qh5 25. b3 Bxh3 26. gxh3 f3 27. Qg1 Qg6 28. Qg3
Re7 29. Kg1 Rg7 30. Rh2 h5 31. Kf2 Qe8 32. c5 g4 33. h4 Rgg6 34. Rc1 Qb5 35. Rc4
Qe8 36. Rh1 Rf5 37. Rhc1 Kh7 38. cxd6 cxd6 39. Rc8 Qb5 40. R1c4 Qxd5 41. Re8 Rf7
42. Nxe4 b5 43. Rc3 Kg7 44. Nd2 Rgf6 45. Rec8 Kg6 46. Rd3 Qb7 47. Rcc3 Re7 48.
d5 Qb6 49. Rd4 Re5 50. Ne4 Qxd4 51. exd4 Rxe4 52. Rc2 Rxd4 53. Qg1 g3+ 54. Qxg3+
Rg4 55. Qh3 Rg2+ 56. Qxg2+ fxg2+ 57. Kxg2 Rf5 58. Rc6 Rxd5 59. Rxa6 Kf5 60. Kf3
Rd3+ 61. Ke2 Rxb3 62. Rxd6 Rxb4 63. Kd3 Kg4 64. Kc3 Rf4 65. Kd3 Kxh4 66. Ke3 Kg3
67. Rd5 Rf3+ 68. Ke2 h4 69. Rxb5 Rf4 70. Ke3 Rf7 71. Rg5+ Kh2 72. Ke2 h3 73. Ke1
Ra7 74. Kf2 Ra2+ 75. Kf1 Rg2 76. Rh5 Rg4 77. Kf2 Rf4+ 78. Ke3 Rf7 79. Rg5 1/2-1/2

[Event "London Classic Open 2014"]
[Site "London ENG"]
[Date "2014.12.10"]
[Round "3.88"]
[White "Slade, Theodore"]
[Black "Haddock, Paul"]
[Result "1-0"]
[WhiteElo "1869"]
[BlackElo "1648"]
[WhiteFideId "426547"]
[BlackFideId "419150"]
[EventDate "2014.12.08"]

1. e4 d5 2. exd5 Qxd5 3. Nf3 Bg4 4. Nc3 Qa5 5. h3 Bh5 6. b4 Qb6 7. g4 Bg6 8. h4
Nf6 9. Ne5 Ne4 10. Qf3 Qxf2+ 11. Qxf2 Nxf2 12. Kxf2 Bxc2 13. Nd5 f6 14. Nxc7+
Kd8 15. Nxa8 fxe5 16. Bb2 Be4 17. Bg2 Bxg2 18. Kxg2 Nc6 19. b5 Nd4 20. Bxd4 exd4
21. Rac1 e6 22. Rc7 Bd6 23. Rxb7 Kc8 24. Rxa7 Kb8 25. b6 Bc5 26. Ra5 Bb4 27. Ra4
Bc5 28. Rc1 Bd6 29. Rxd4 Rd8 30. Rc6 1-0

[Event "London Classic Open 2014"]
[Site "London ENG"]
[Date "2014.12.10"]
[Round "3.89"]
[White "Calderon, Paul"]
[Black "Siddiqui, Nida Mishraz"]
[Result "1-0"]
[BlackTitle "WCM"]
[WhiteElo "1866"]
[BlackElo "1636"]
[WhiteFideId "2082160"]
[BlackFideId "7800495"]
[EventDate "2014.12.08"]

1. c4 Nf6 2. Nc3 g6 3. e4 d6 4. d4 Bg7 5. Be2 O-O 6. Be3 e5 7. d5 Na6 8. g4 Nc5
9. Bf3 a5 10. h4 Ne8 11. h5 g5 12. h6 Bh8 13. Qd2 f6 14. Nge2 Bd7 15. Kf1 Qc8
16. Rg1 Kf7 17. Rg3 c6 18. Kg2 cxd5 19. Nxd5 Ra6 20. Nec3 Ne6 21. Nb6 Qc6 22.
Nxd7 Qxd7 23. Be2 Nf4+ 24. Bxf4 exf4 25. Rd3 f5 26. exf5 Qc6+ 27. Bf3 Qd7 28.
Bd5+ Ke7 29. Re1+ Kd8 30. Nb5 Be5 31. Rxe5 dxe5 32. Be6 Qxd3 33. Qxd3+ Ke7 34.
Qd7+ Kf6 35. Nc7 1-0

[Event "London Classic Open 2014"]
[Site "London ENG"]
[Date "2014.12.10"]
[Round "3.90"]
[White "Peck, Silas"]
[Black "Inglese, Guido"]
[Result "1-0"]
[WhiteElo "1862"]
[BlackElo "1619"]
[WhiteFideId "432865"]
[BlackFideId "821250"]
[EventDate "2014.12.08"]

1. e4 b6 2. d4 Bb7 3. Bd3 Nf6 4. Qe2 Nc6 5. c3 e5 6. Nf3 exd4 7. e5 Nd5 8. cxd4
Bb4+ 9. Bd2 Nf4 10. Qf1 Bxd2+ 11. Nbxd2 Qe7 12. Be4 d5 13. exd6 cxd6 14. O-O-O
d5 15. Bxd5 Nxd5 16. Re1 Ne3 17. Rxe3 Qxe3 18. fxe3 Nb4 19. Qb5+ Nc6 20. d5 a6
21. Qxb6 O-O 22. dxc6 Bxc6 23. Kb1 Rfc8 24. Rc1 Rab8 25. Rxc6 1-0

[Event "London Classic Open 2014"]
[Site "London ENG"]
[Date "2014.12.10"]
[Round "3.91"]
[White "Kalerwa, Edwin M"]
[Black "Van Zyl-Rudd, Jack"]
[Result "1-0"]
[WhiteElo "1840"]
[BlackElo "1564"]
[WhiteFideId "422223"]
[BlackFideId "14310929"]
[EventDate "2014.12.08"]

1. c4 Nf6 2. Nc3 c6 3. d4 d5 4. e3 e6 5. Nf3 Bd6 6. Bd2 O-O 7. c5 Bc7 8. b4 b6
9. a4 bxc5 10. dxc5 e5 11. Qc2 d4 12. Nd1 Re8 13. h3 d3 14. Qb2 Ne4 15. Ra3 Nxd2
16. Nxd2 e4 17. g4 Na6 18. Qc3 Rb8 19. b5 Ba5 20. Qc1 Nb4 21. Bg2 Nc2+ 22. Kf1
Nxa3 23. Nxe4 Nc2 24. Nd6 Re7 25. Bxc6 Bc7 26. Nxc8 Rxc8 27. Nb2 Nb4 28. Bf3 Bb6
29. c6 Qd6 30. Nc4 Qf6 31. Kg2 Bc7 32. Qd2 Bd6 33. Rb1 Bc5 34. Na5 Rec7 35. Nb7
Bf8 36. a5 a6 37. Rxb4 Bxb4 38. Qxb4 axb5 39. Nd6 Ra8 40. Nxb5 Rxc6 41. Nd4 Rca6
42. Nb3 Rf8 43. Nc5 Ra7 44. Nxd3 Qa6 45. Qd4 Qxa5 46. Nf4 Qa4 47. Qc3 Qa1 48.
Qc4 Qa6 49. Qe4 Qa4 50. Qd5 Qd7 51. Qb3 Rd8 52. Nh5 Qe6 53. Qb2 f6 54. Nf4 Qf7
55. Qb5 Rad7 56. Be2 Kh8 57. Bc4 Qe7 58. Be6 Rd6 59. Bf5 Qe5 60. Qb3 Qc5 61. Qf7
Qc6+ 62. Kg3 Qc1 63. Qh5 Qg1+ 64. Ng2 h6 65. Qg6 Kg8 66. Qh7+ Kf8 67. Bg6 Rd2
68. Qh8+ Ke7 69. Qxg7+ Ke6 70. Bf5+ Kd6 71. Qxf6+ Kc7 72. Be4 R8d6 73. Qf3 Rb2
74. Qf7+ Kb8 75. Qf8+ Kc7 76. Qe7+ Rd7 77. Qe5+ 1-0

[Event "London Classic Open 2014"]
[Site "London ENG"]
[Date "2014.12.11"]
[Round "4.1"]
[White "Arkell, Keith C"]
[Black "Tkachiev, Vladislav"]
[Result "1/2-1/2"]
[WhiteTitle "GM"]
[BlackTitle "GM"]
[WhiteElo "2489"]
[BlackElo "2629"]
[WhiteFideId "400270"]
[BlackFideId "618438"]
[EventDate "2014.12.08"]

1. d4 g6 2. g3 Bg7 3. Bg2 c5 4. d5 d6 5. Nf3 b5 6. O-O Nf6 7. Re1 O-O 8. e4 Nbd7
9. a4 b4 10. Nbd2 Qc7 11. Rb1 c4 12. Qe2 Ba6 13. b3 Nc5 14. bxc4 Rab8 15. Bb2
Nxa4 16. Ra1 Nxb2 17. Rxa6 Nd7 18. Rea1 Rb7 19. R1a2 Bc3 20. Qe3 Nb6 21. e5 Kg7
22. Qe4 N2xc4 23. Nxc4 Qxc4 24. Qxc4 Nxc4 25. exd6 Nxd6 26. Rxa7 Rfb8 27. Ng5
Bd4 28. Rxb7 Rxb7 29. Ne4 Rc7 30. Nxd6 exd6 31. Be4 Rc3 32. Rb2 Rxg3+ 33. hxg3
Bxb2 34. f4 h5 35. Bd3 f6 36. Kg2 Bc1 37. Kf3 g5 38. fxg5 fxg5 39. Bb5 Kf6 40.
Be8 g4+ 41. Kf2 Kg5 42. Bb5 Bb2 43. Kg2 Bc3 44. Bd3 Be1 45. Bh7 Kf6 46. Bg8 Ke5
47. Bf7 h4 48. gxh4 Bxh4 49. Bg8 Kd4 50. Be6 g3 51. Bf7 Kc3 52. Bg6 Kc4 53. Bf7
Kd4 54. Bg8 Ke5 1/2-1/2

[Event "London Classic Open 2014"]
[Site "London ENG"]
[Date "2014.12.11"]
[Round "4.2"]
[White "Wagner, Dennis"]
[Black "Socko, Bartosz"]
[Result "1/2-1/2"]
[WhiteTitle "IM"]
[BlackTitle "GM"]
[WhiteElo "2488"]
[BlackElo "2617"]
[WhiteFideId "24650684"]
[BlackFideId "1107038"]
[EventDate "2014.12.08"]

1. d4 Nf6 2. c4 e6 3. Nf3 Bb4+ 4. Nbd2 O-O 5. a3 Be7 6. e4 d5 7. e5 Nfd7 8. Bd3
c5 9. h4 g6 10. h5 cxd4 11. Qc2 Nc5 12. cxd5 exd5 13. Nxd4 Nc6 14. N2f3 Nxd3+
15. Qxd3 Re8 16. hxg6 fxg6 17. O-O Bg4 18. Bh6 Qd7 19. Rfe1 Bxf3 20. e6 Qd8 21.
Qxf3 Bf6 22. e7 Bxe7 23. Ne6 Qd7 24. Rad1 Bh4 25. Rxd5 Qf7 26. Qxf7+ Kxf7 27.
Rd7+ Re7 28. Rxe7+ Bxe7 29. Ng5+ Kg8 30. Rd1 Rd8 31. Rxd8+ Bxd8 32. Ne4 Be7 33.
Kf1 Kf7 34. Ng5+ Bxg5 35. Bxg5 Ke6 36. Ke2 Kd5 37. Kd3 Ne5+ 38. Kc3 h5 39. f3 a6
40. b3 Nf7 41. Bf4 Nd8 42. a4 Ne6 43. Be3 g5 44. Kd3 Ke5 45. Ke2 Kf5 46. Kf2 Nf4
47. Kf1 Nd3 48. Ke2 Ne5 49. Kf2 Nc6 50. Bb6 Nb4 51. Ke2 Nd5 52. Bd4 Nf4+ 53. Kf1
Nd3 54. Be3 Ne5 55. Ke2 g4 56. fxg4+ Nxg4 57. Kf3 Ne5+ 58. Kg3 Ke4 59. Bb6 Ng6
60. Bc5 Kd5 61. Bf2 Ke4 62. b4 b5 63. axb5 axb5 64. Bc5 Kd3 65. Bd6 Kc4 66. Kh3
Kd5 67. Bb8 Kd4 68. Bd6 Ke4 69. g4 hxg4+ 70. Kxg4 Ne5+ 71. Kg3 Nd3 72. Bf8 Ke3
73. Kg2 Kd2 74. Kf3 Kc3 75. Ke2 Nxb4 76. Kd1 Nd3 77. Be7 Kc4 78. Kc2 Nc5 79.
Bxc5 Kxc5 1/2-1/2

[Event "London Classic Open 2014"]
[Site "London ENG"]
[Date "2014.12.11"]
[Round "4.3"]
[White "Lenderman, Aleksandr"]
[Black "Dourerassou, Jonathan"]
[Result "1/2-1/2"]
[WhiteTitle "GM"]
[BlackTitle "IM"]
[WhiteElo "2608"]
[BlackElo "2469"]
[WhiteFideId "2021285"]
[BlackFideId "628050"]
[EventDate "2014.12.08"]

1. d4 d5 2. c4 e6 3. Nf3 Nf6 4. e3 Be7 5. b3 c5 6. dxc5 Bxc5 7. Bb2 Nc6 8. cxd5
exd5 9. Be2 O-O 10. O-O Qe7 11. Nc3 Rd8 12. Nb5 Bg4 13. Rc1 Bb6 14. Nfd4 Nxd4
15. Bxd4 Bxd4 16. Nxd4 Bd7 17. Rc7 Qb4 18. Qc2 Rac8 19. Rc1 h6 20. Bd3 Ne8 21.
Rc5 b6 22. Rc3 Kf8 23. Bf5 Rxc3 24. Qxc3 Qxc3 25. Rxc3 Ke7 26. Bd3 Kd6 27. Nb5+
Bxb5 28. Bxb5 Ke7 29. Kf1 Nd6 30. Rc7+ Ke6 31. Bc6 a5 32. g4 g5 33. h3 Ne4 34.
Bb5 Rd6 35. Be8 f5 36. Bg6 f4 37. f3 Nc5 38. exf4 gxf4 39. h4 d4 40. Bf5+ Kd5
41. Ke2 Rd8 42. Rc8 Rxc8 43. Bxc8 b5 44. g5 hxg5 45. hxg5 Ke5 46. Bg4 b4 47. Kd2
Kd6 48. Bf5 Ke5 49. Bc8 Kd6 50. Bf5 Ke5 51. Bc2 Ke6 52. Ke2 Nd7 53. Be4 Ne5 54.
Kf2 Nf7 55. g6 Ne5 56. Ke2 Kf6 57. Kd2 Kg7 58. Ke2 Kf6 59. Bd3 Kg7 60. Be4 Kf6 1/2-1/2

[Event "London Classic Open 2014"]
[Site "London ENG"]
[Date "2014.12.11"]
[Round "4.4"]
[White "Zhou, Yang-Fan"]
[Black "Dragun, Kamil"]
[Result "0-1"]
[WhiteTitle "IM"]
[BlackTitle "GM"]
[WhiteElo "2477"]
[BlackElo "2547"]
[WhiteFideId "468584"]
[BlackFideId "1134167"]
[EventDate "2014.12.08"]

1. e4 c5 2. Nf3 e6 3. d4 cxd4 4. Nxd4 a6 5. Nc3 Qc7 6. Qf3 Nc6 7. Nxc6 bxc6 8.
Qg3 Qxg3 9. hxg3 d5 10. Na4 Rb8 11. exd5 cxd5 12. Bf4 Rb4 13. b3 e5 14. Be3 Nf6
15. c3 Rb8 16. f3 Nd7 17. g4 Bb7 18. Kf2 Rc8 19. Re1 g6 20. Rh3 Bg7 21. c4 O-O
22. cxd5 Rc2+ 23. Kg3 Bxd5 24. Bxa6 Be6 25. Re2 Rfc8 26. Rh1 Rxe2 27. Bxe2 Rc2
28. Bb5 f5 29. gxf5 gxf5 30. Bg5 h6 31. Bh4 f4+ 32. Kh2 e4 33. Re1 e3 34. Re2
Rc1 35. Be7 Ne5 36. Ba3 Rd1 37. Nb2 Rd5 38. Bc4 Nxc4 39. Nxc4 Bf5 40. Bb4 Bd3
41. Re1 Rh5+ 42. Kg1 e2 43. g3 fxg3 44. Kg2 Bd4 45. Kxg3 Rg5+ 46. Kf4 Rf5+ 47.
Kg3 Rg5+ 48. Kf4 Bf2 49. Rh1 Rf5+ 50. Kg4 Rg5+ 51. Kf4 Kh7 52. Nd6 Rd5 53. Rc1
Rd4+ 0-1

[Event "London Classic Open 2014"]
[Site "London ENG"]
[Date "2014.12.11"]
[Round "4.5"]
[White "Stopa, Jacek"]
[Black "Williams, Simon K"]
[Result "1-0"]
[WhiteTitle "IM"]
[BlackTitle "GM"]
[WhiteElo "2521"]
[BlackElo "2443"]
[WhiteFideId "1119591"]
[BlackFideId "404454"]
[EventDate "2014.12.08"]

1. d4 e6 2. e4 d5 3. Nc3 Bb4 4. e5 Ne7 5. a3 Bxc3+ 6. bxc3 c5 7. Qg4 Qc7 8. Bd3
cxd4 9. Ne2 dxc3 10. Qxg7 Rg8 11. Qxh7 Qxe5 12. h4 Rxg2 13. Bf4 Qf6 14. Bg3 e5
15. Kf1 Rxg3 16. Nxg3 Bg4 17. Rb1 e4 18. Be2 Bxe2+ 19. Nxe2 Nbc6 20. Qh5 d4 21.
Ng3 d3 22. Nxe4 Qd4 23. Qg4 dxc2 24. Rc1 f5 25. Qh5+ Kd7 26. Ng3 Rg8 27. Qe2 Qf4
28. Qd3+ Ke6 29. Rxc2 Nd5 30. Ne2 Qe4 31. Qxe4+ fxe4 32. Nxc3 Nf6 33. Ne2 Rd8
34. Kg2 Nd5 35. Rc4 Ke5 36. Re1 Nf6 37. Rc5+ Rd5 38. Rxd5+ Kxd5 39. Rh1 Nh5 40.
Rb1 1-0

[Event "London Classic Open 2014"]
[Site "London ENG"]
[Date "2014.12.11"]
[Round "4.6"]
[White "Bai, Jinshi"]
[Black "Sadzikowski, Daniel"]
[Result "1-0"]
[WhiteTitle "IM"]
[BlackTitle "IM"]
[WhiteElo "2444"]
[BlackElo "2492"]
[WhiteFideId "8602280"]
[BlackFideId "1132253"]
[EventDate "2014.12.08"]

1. d4 Nf6 2. c4 g6 3. Nc3 Bg7 4. e4 d6 5. Nf3 O-O 6. Be2 e5 7. dxe5 dxe5 8. O-O
Na6 9. Be3 Ng4 10. Bg5 Qxd1 11. Rfxd1 f6 12. Bd2 c6 13. h3 Nh6 14. Be3 Nf7 15.
Rab1 Rd8 16. Rxd8+ Nxd8 17. b4 Bf8 18. c5 Ne6 19. Nd2 Nac7 20. Nb3 Bd7 21. Na5
Rb8 22. Rd1 Be8 23. Nc4 b6 24. Nd6 bxc5 25. bxc5 Nd4 26. Bc4+ Kh8 27. Bxd4 exd4
28. Rxd4 g5 29. Nd1 Bg6 30. Ne3 a6 31. Nef5 Nb5 32. Rd3 Bxf5 33. exf5 Bxd6 34.
cxd6 Rd8 35. d7 c5 36. Be6 Kg7 37. Rd5 Kf8 38. Rxc5 Ke7 39. a4 Nd4 40. Rc8 Ne2+
41. Kf1 Nf4 42. Rc6 a5 43. Ra6 Rb8 44. Kg1 h5 45. Kh2 h4 46. Rc6 Rd8 47. Ra6 Rb8
48. Rxa5 Nxe6 49. fxe6 Kxe6 50. Ra7 Ke7 51. a5 Rb2 52. a6 Ra2 53. f3 Ra1 54. g4
hxg3+ 55. Kxg3 Ra4 56. Ra8 1-0

[Event "London Classic Open 2014"]
[Site "London ENG"]
[Date "2014.12.11"]
[Round "4.7"]
[White "Naroditsky, Daniel"]
[Black "Buckley, Graeme N"]
[Result "1/2-1/2"]
[WhiteTitle "GM"]
[BlackTitle "IM"]
[WhiteElo "2620"]
[BlackElo "2327"]
[WhiteFideId "2026961"]
[BlackFideId "402265"]
[EventDate "2014.12.08"]

1. d4 Nf6 2. c4 e6 3. Nf3 c5 4. d5 b5 5. e4 Nxe4 6. Bd3 Nd6 7. cxb5 Be7 8. Nc3
a6 9. b6 Bb7 10. O-O exd5 11. Re1 O-O 12. Nxd5 Bxd5 13. Bxh7+ Kxh7 14. Qxd5 Nc6
15. Bf4 Kg8 16. Bxd6 Bxd6 17. Qxd6 Qxb6 18. b3 Qb4 19. Qxd7 Nd4 20. Nxd4 cxd4
21. h4 Rad8 22. Qg4 Rfe8 23. Red1 Qc3 24. Rac1 Qb2 25. Rc7 Qxa2 26. Qf3 Rf8 27.
Rd3 Rd6 28. Qd1 Re8 29. Rc2 Qa5 30. Rcd2 Re4 31. g3 Qe5 32. Kg2 a5 33. Qc2 Re1
34. Qc8+ Kh7 35. Qg4 Re4 36. Qd1 g6 37. Rf3 Kg7 38. Rdd3 Qd5 39. Qc2 Rc6 40. Qd2
Rce6 41. Kh2 R6e5 42. Qb2 Qd6 43. Kg2 Qd5 44. b4 axb4 45. Qxb4 Rg4 46. Qb3 Qxb3
47. Rxb3 Rge4 48. Rb7 Re7 49. Rb4 Rd7 50. Rd3 Kf6 51. Kf3 Re6 52. Rbxd4 Rxd4 53.
Rxd4 Kg7 54. Re4 Ra6 55. Re7 Ra3+ 56. Kg2 Ra4 57. Kh3 Ra2 58. Kg2 Ra4 59. Rb7
Kf6 60. Rb5 Kg7 61. f4 Ra2+ 62. Kh3 Rf2 63. h5 Kh6 64. hxg6 fxg6 65. Rb6 Kg7 66.
Rb7+ Kf6 67. Kg4 Ra2 68. Rb6+ Kf7 69. Kh4 Rh2+ 70. Kg4 Ra2 71. Rb3 Ra5 72. Re3
Kf6 73. Re8 Rb5 74. Rf8+ Kg7 75. Rc8 Kf6 76. Rc6+ Kf7 77. Ra6 Rc5 78. Ra7+ Kf6
79. Rh7 Ra5 80. Kh3 Ra1 81. Rb7 Ra4 82. Rb6+ Kf7 83. Kh4 Rc4 84. Kg4 Rc5 85. Rb3
Kf6 86. Re3 Ra5 87. Rb3 Rc5 88. Rb1 Ra5 89. Rh1 Rb5 90. Rh7 Ra5 91. Kh3 Ra4 92.
Rh8 Kg7 93. Rb8 Kf6 94. Rb6+ Kf7 95. Kh4 Rc4 96. Rb3 Kf6 97. Kg4 Rc5 98. Re3 Ra5
99. Kf3 g5 100. Rb3 gxf4 101. gxf4 Rc5 102. Kg4 Ra5 103. Rb6+ Kf7 104. f5 Ra1
105. Rb3 Rg1+ 1/2-1/2

[Event "London Classic Open 2014"]
[Site "London ENG"]
[Date "2014.12.11"]
[Round "4.8"]
[White "McDonald, Neil"]
[Black "Fier, Alexandr"]
[Result "0-1"]
[WhiteTitle "GM"]
[BlackTitle "GM"]
[WhiteElo "2431"]
[BlackElo "2592"]
[WhiteFideId "400629"]
[BlackFideId "2107139"]
[EventDate "2014.12.08"]

1. e4 c5 2. Nf3 e6 3. d4 cxd4 4. Nxd4 Nf6 5. Nc3 d6 6. Be3 Be7 7. f4 O-O 8. Be2
Nc6 9. O-O a6 10. a4 Bd7 11. Nb3 Na5 12. Nd2 Be8 13. Qe1 Nd7 14. b4 Bf6 15. Ra3
Nc6 16. Nc4 Nxb4 17. Qb1 d5 18. Qxb4 d4 19. e5 Be7 20. Nd6 dxe3 21. Rb3 b6 22.
Nce4 f5 23. Qc4 fxe4 24. Qxe6+ Rf7 25. Bc4 e2 26. Bxe2 Nc5 27. Qh3 Bxd6 28. Rd1
Nxb3 29. Rxd6 Qc8 30. Qxb3 Qc5+ 0-1

[Event "London Classic Open 2014"]
[Site "London ENG"]
[Date "2014.12.11"]
[Round "4.9"]
[White "Bluebaum, Matthias"]
[Black "Fernandez, Daniel Howard"]
[Result "1-0"]
[WhiteTitle "IM"]
[BlackTitle "IM"]
[WhiteElo "2560"]
[BlackElo "2454"]
[WhiteFideId "24651516"]
[BlackFideId "5801605"]
[EventDate "2014.12.08"]

1. d4 Nf6 2. c4 g6 3. Nc3 Bg7 4. e4 O-O 5. Nf3 d6 6. Be2 c5 7. O-O Bg4 8. d5
Nbd7 9. h3 Bxf3 10. Bxf3 Ne8 11. Bf4 a6 12. a4 a5 13. Be2 Nc7 14. Qd2 Re8 15.
Bh2 Ra6 16. Kh1 e6 17. Rae1 Bd4 18. dxe6 fxe6 19. f4 Qh4 20. e5 dxe5 21. fxe5
Rd8 22. Bf4 Bxe5 23. Ne4 Bxf4 24. Rxf4 Qe7 25. Rd1 Kg7 26. Rf3 Nd5 27. cxd5 exd5
28. Qxd5 Re6 29. Ng5 1-0

[Event "London Classic Open 2014"]
[Site "London ENG"]
[Date "2014.12.11"]
[Round "4.10"]
[White "Wall, Tim P"]
[Black "Hawkins, Jonathan"]
[Result "0-1"]
[WhiteTitle "FM"]
[BlackTitle "IM"]
[WhiteElo "2276"]
[BlackElo "2552"]
[WhiteFideId "401641"]
[BlackFideId "412686"]
[EventDate "2014.12.08"]

1. e4 c6 2. d4 d5 3. f3 Qb6 4. Nc3 dxe4 5. Bc4 Nf6 6. Bb3 Nbd7 7. Bf4 e5 8. dxe5
Nh5 9. Qd2 Bc5 10. Nxe4 Nxf4 11. Qxf4 O-O 12. Nxc5 Qxc5 13. O-O-O Nxe5 14. Ne2
Ng6 15. Qd2 a5 16. a3 a4 17. Ba2 Bf5 18. Kb1 Rfe8 19. Nd4 Rad8 20. Qb4 Qxb4 21.
axb4 Bc8 22. g3 Re3 23. c3 Rde8 24. Rhf1 h6 25. Kc2 Ne5 26. Kd2 Nd3 27. Kc2 Bh3
28. Rg1 Ne1+ 29. Kc1 Nxf3 30. Nxf3 Rxf3 0-1

[Event "London Classic Open 2014"]
[Site "London ENG"]
[Date "2014.12.11"]
[Round "4.11"]
[White "Chirila, Ioan-Cristian"]
[Black "Hagen, Andreas Skytte"]
[Result "1-0"]
[WhiteTitle "GM"]
[BlackTitle "IM"]
[WhiteElo "2547"]
[BlackElo "2430"]
[WhiteFideId "1211668"]
[BlackFideId "1407341"]
[EventDate "2014.12.08"]

1. d4 Nf6 2. c4 g6 3. Nc3 Bg7 4. e4 d6 5. Be2 O-O 6. Bg5 c5 7. d5 h6 8. Be3 e6
9. dxe6 Bxe6 10. Qd2 Kh7 11. h3 Qa5 12. Nf3 Qb4 13. a3 Qb3 14. Qc1 Nc6 15. O-O
Nd7 16. Rd1 Nde5 17. Nd2 Qb6 18. f4 Nd7 19. Kh2 Nd4 20. Bd3 Rae8 21. Nd5 Qd8 22.
Re1 f5 23. Bxd4 Bxd4 24. exf5 Bxd5 25. cxd5 Nf6 26. Nf3 Bf2 27. Rxe8 Rxe8 28.
fxg6+ Kg8 29. Qc2 Re3 30. Qxf2 Rxd3 31. Qe2 Rxd5 32. Qe6+ Kh8 33. Qf7 1-0

[Event "London Classic Open 2014"]
[Site "London ENG"]
[Date "2014.12.11"]
[Round "4.12"]
[White "Greenfeld, Alon"]
[Black "Gourlay, Iain"]
[Result "1-0"]
[WhiteTitle "GM"]
[BlackTitle "FM"]
[WhiteElo "2536"]
[BlackElo "2360"]
[WhiteFideId "2800039"]
[BlackFideId "2401533"]
[EventDate "2014.12.08"]

1. Nf3 d5 2. d4 Nf6 3. c4 c6 4. Nc3 dxc4 5. a4 Bf5 6. Nh4 e6 7. Nxf5 exf5 8. Bg5
Nbd7 9. e3 Qa5 10. Bxf6 Nxf6 11. Bxc4 Bd6 12. Qb3 O-O 13. O-O Qc7 14. g3 h5 15.
d5 h4 16. Kg2 Ne4 17. Nxe4 fxe4 18. dxc6 bxc6 19. Qd1 Be5 20. Qg4 Bxb2 21. Rad1
Rad8 22. Qxe4 hxg3 23. hxg3 Rxd1 24. Rxd1 Bf6 25. Rh1 Rd8 26. Qg6 Rd7 27. Be6
Qe5 28. Qh7+ Kf8 29. Bxd7 Qd5+ 30. e4 Qxd7 31. Qf5 Qd6 32. Rh8+ Ke7 33. Qc8 Qd7
34. Qxd7+ Kxd7 35. f4 Bd4 36. Kf3 g6 37. e5 Bb6 38. Ke4 Bg1 39. g4 Bb6 40. f5
gxf5+ 41. gxf5 Bc5 42. a5 Bb4 43. a6 1-0

[Event "London Classic Open 2014"]
[Site "London ENG"]
[Date "2014.12.11"]
[Round "4.13"]
[White "Constantinou, Peter"]
[Black "Piorun, Kacper"]
[Result "1/2-1/2"]
[WhiteTitle "FM"]
[BlackTitle "GM"]
[WhiteElo "2276"]
[BlackElo "2517"]
[WhiteFideId "413038"]
[BlackFideId "1130420"]
[EventDate "2014.12.08"]

1. d4 Nf6 2. Nf3 g6 3. Nbd2 d5 4. e3 Bg7 5. b4 O-O 6. c4 c6 7. Be2 a5 8. b5 dxc4
9. Bxc4 Nd5 10. a4 c5 11. Bb2 Nb6 12. Bb3 Bf5 13. Nc4 N8d7 14. O-O Nxc4 15. Bxc4
Nb6 16. Bb3 Be4 17. Rc1 cxd4 18. Bxd4 Bxd4 19. Nxd4 e5 20. Qg4 Bd5 21. Bxd5 Qxd5
22. Nf5 Kh8 23. Qh4 Qe6 24. Ng3 Rac8 25. Ne4 f6 26. Rxc8 Rxc8 27. Nxf6 Qe7 28.
f4 Nxa4 29. fxe5 Nc5 30. Rd1 a4 31. Qd4 1/2-1/2

[Event "London Classic Open 2014"]
[Site "London ENG"]
[Date "2014.12.11"]
[Round "4.14"]
[White "Vakhidov, Jahongir"]
[Black "Milliet, Sophie"]
[Result "1/2-1/2"]
[WhiteTitle "GM"]
[BlackTitle "IM"]
[WhiteElo "2502"]
[BlackElo "2387"]
[WhiteFideId "14201801"]
[BlackFideId "623725"]
[EventDate "2014.12.08"]

1. Nf3 Nf6 2. d4 e6 3. e3 d5 4. Bd3 c5 5. b3 Nc6 6. O-O Bd6 7. Bb2 O-O 8. Nbd2
b6 9. Ne5 Bb7 10. f4 Rc8 11. a3 Ne7 12. Qf3 b5 13. dxc5 Bxc5 14. b4 Bb6 15. Nb3
Ne4 16. Bd4 Nf5 17. Bxb6 axb6 18. Qe2 d4 19. exd4 Nxd4 20. Nxd4 Qxd4+ 21. Kh1
Nc3 22. Qf2 Qxf2 23. Rxf2 Rfd8 24. Nf3 g6 25. Nd2 Ra8 26. Rff1 Ra7 27. Kg1 Rda8
28. Nb1 Nd5 29. Bxb5 Nxb4 30. Rc1 Rc8 31. c3 Nd5 32. g3 Ba6 33. Bxa6 Rxa6 34.
Ra2 Ra5 35. Rb2 Rac5 36. Rb3 h6 37. Kf2 g5 38. fxg5 hxg5 39. Ke2 Kg7 40. Kd3 b5
41. Nd2 Rd8 1/2-1/2

[Event "London Classic Open 2014"]
[Site "London ENG"]
[Date "2014.12.11"]
[Round "4.15"]
[White "Gormally, Daniel W"]
[Black "Webb, Matthew D"]
[Result "1/2-1/2"]
[WhiteTitle "GM"]
[WhiteElo "2499"]
[BlackElo "2141"]
[WhiteFideId "406465"]
[BlackFideId "418250"]
[EventDate "2014.12.08"]

1. e4 c5 2. Nf3 d6 3. d4 cxd4 4. Nxd4 Nf6 5. Nc3 a6 6. h3 e6 7. g4 d5 8. exd5
Nxd5 9. Bd2 b5 10. Bg2 Bb7 11. O-O Nxc3 12. Bxc3 Bxg2 13. Kxg2 b4 14. Be1 Ra7
15. c3 h5 16. f4 hxg4 17. hxg4 bxc3 18. bxc3 Nd7 19. Qf3 Rc7 20. Rd1 Rc4 21. Bg3
Qc8 22. Rd3 Bc5 23. Nb3 Be7 24. Re1 Nf6 25. g5 Nh5 26. Nd4 Nxg3 27. Qxg3 Ra4 28.
Re2 Qc4 29. Rdd2 Qd5+ 30. Nf3 Qf5 31. Nd4 Qd5+ 32. Nf3 Qf5 33. Nd4 1/2-1/2

[Event "London Classic Open 2014"]
[Site "London ENG"]
[Date "2014.12.11"]
[Round "4.16"]
[White "Semprun Martinez, Fernando"]
[Black "Hebden, Mark L"]
[Result "0-1"]
[BlackTitle "GM"]
[WhiteElo "2239"]
[BlackElo "2523"]
[WhiteFideId "2203170"]
[BlackFideId "400084"]
[EventDate "2014.12.08"]

1. e4 e5 2. Nf3 Nc6 3. Bb5 a6 4. Ba4 Nf6 5. O-O Be7 6. d3 d6 7. c3 O-O 8. Re1 b5
9. Bc2 Re8 10. d4 Bg4 11. Be3 exd4 12. cxd4 Nb4 13. Bb3 c5 14. a3 Nc6 15. dxc5
dxc5 16. Nc3 c4 17. Qxd8 Bxd8 18. Bc2 Ba5 19. Nd4 Nxd4 20. Bxd4 Rad8 21. Bxf6
gxf6 22. f3 Rd2 23. Rac1 Be6 24. Red1 Red8 25. Kf1 Bb6 26. Ne2 Be3 27. Ke1 R8d7
28. g4 a5 29. h3 c3 30. Nxc3 Bc4 31. Nd5 Re2+ 0-1